| 000 | 00973cam a22003017a 4500 | ||
|---|---|---|---|
| 003 | CHAP | ||
| 005 | 20220329142632.0 | ||
| 008 | 020628d1992 mx r 00110 spa d | ||
| 010 | _a85944 | ||
| 011 | _a86916 | ||
| 020 | _a9688057452 | ||
| 035 | _a97456 | ||
| 040 | _cCHAP | ||
| 082 | 0 | 4 |
_a341.481 _bH47 |
| 100 | 0 | 0 |
_aHerrendorf, Daniel E. _ecomp. _954820 |
| 245 | 1 | 0 |
_aTeoría general y política de los derechos humanos _c/comp. por Daniel E. Herrendorf |
| 260 |
_aMéxico, D.F. : _bComisión Nacional de Derechos Humanos, _c1992. |
||
| 300 | _a303 p. | ||
| 590 |
_aBATCH-UPD _b10 _c20130110 _lUCH01 _h2101 |
||
| 590 |
_aBATCH-UPD _b10 _c20130410 _lUCH01 _h1414 |
||
| 590 |
_aBATCH-UPD _b10 _c20130914 _lUCH01 _h1144 |
||
| 590 |
_aCONVERSION _b10 _c20130109 _lUCH01 _h1348 |
||
| 650 | 1 | 4 |
_aDerechos humanos _xMéxico. _931923 |
| 901 | _aBK | ||
| 905 | _aMayto Villalobos S. | ||
| 942 | _cLIBRO | ||
| 949 |
_a341.481 H47 _bBC _cLIBRO _d33724000849857 _eLIBRO _h102638 _i97456 _si |
||
| 999 |
_c85944 _d85944 |
||